00676 2200241 4500001002100000005001500021035002000036245009300056100002000149250000600169300003500175700002600210260004500236082000800281084001400289020002200303650002400325990001700349990001700366990001700383990001700400990001700417INLIS00000000000067020190125123048 a0010-01190001261 aSeluk beluk Nanas dan Penanamannya /cIndah Apriyanti; Penyunting, Beti Dwi Septiningsih0 aIndah Apriyanti a- avi, 58 hlm. :bilus. ;c21 cm.0 aBeti Dwi Septiningsih aJakarta :bJasa Grafika Indonesia,c2009 a634 a634 IND s a978-979-003-028-2 aTanaman Buah-buahan a02517/P/2018 a02518/P/2018 a02519/P/2018 a02520/P/2018 a02521/P/2018